Normal view
MARC view
- Mill, Hugh Robert
Entry Personal Name
001 - CONTROL NUMBER
- control field: 50095
003 - CONTROL NUMBER IDENTIFIER
- control field: NUST
005 - DATE AND TIME OF LATEST TRANSACTION
- control field: 20210314134528.0
008 - FIXED-LENGTH DATA ELEMENTS
- fixed length control field: 210314|| aca||aabn | a|a d
040 ## - CATALOGING SOURCE
- Original cataloging agency: NUST
- Transcribing agency: NUST
100 ## - HEADING--PERSONAL NAME
- Personal name: Mill, Hugh Robert
670 ## - SOURCE DATA FOUND
- Source citation: Work cat.: (NUST): Shackleton, Ernest Henry, 50093, The heart of the Antarctic;, 1909.
